000
00258nam a22001097a 4500
008
170119b xxu||||| |||| 00| 0 eng d
020
_a
9780323073165
041
_a
eng
080
_2
8TH
_a
618.2
245
_a
TOWARD HEALTHY AGING
_c
TOUHY & JETT
942
_2
udc
_c
BK
999
_c
3179
_d
3179